Festivals of India (Record no. 20965)

MARC details
000 -LEADER
fixed length control field 00340nam a22001457a 4500
020 ## - INTERNATIONAL STANDARD BOOK NUMBER
ISBN 81-237-2248-6
082 ## - DEWEY DECIMAL CLASSIFICATION NUMBER
Classification number 394.26 NAT
100 ## - MAIN ENTRY--AUTHOR NAME
Author name National Book Trust of India
245 ## - TITLE STATEMENT
Title Festivals of India
260 ## - PUBLICATION, DISTRIBUTION, ETC. (IMPRINT)
Place of publication New Delhi
Name of publisher National Book Trust
Year of publication 1982
300 ## - PHYSICAL DESCRIPTION
Number of Pages 92
650 ## - SUBJECT ADDED ENTRY--TOPICAL TERM
Topical Term Festivals-India
942 ## - ADDED ENTRY ELEMENTS (KOHA)
Koha item type Books
Holdings
Home library Current library Shelving location Date acquired Source of acquisition Cost, normal purchase price Full call number Accession Number Koha item type
Henry Martyn Institute Library Henry Martyn Institute Library General stacks 05/03/2018 Director 60.00 394.26 NAT 11-3641 Books
                   Copyright © 2026 | Henry Martyn Institute | Hyderabad | TS-500052 | INDIA | Implemented by hmi.edu.in
Hit-Count:

Powered by Koha